000 00549cam a2200145 4500500
005 20251228090650.0
041 _afre
042 _adc
100 1 0 _aDaudin, Claire
_eauthor
245 0 0 _aJean-Luc Seigle, Le Cheval Péguy, Paris, Éditions Pierre-Guillaume de Roux, 2014, 120 p.
260 _c2014.
500 _a9
786 0 _nBulletin de l’Amitié Charles Péguy | 146 | 2 | 2014-04-05 | p. 187-187 | 0180-8567
856 4 1 _uhttps://shs.cairn.info/revue-bulletin-de-lamitie-charles-peguy-2014-2-page-187?lang=fr&redirect-ssocas=7080
999 _c1602550
_d1602550